000 00601nam a2200241Ia 4500
003 OSt
005 20220916111121.0
006 a|||||r|||| 00| 0
007 ta
008 220915b |||||||| |||| 00| 0 eng d
024 _a253752
037 _cTextbook
040 _beng
_aARTS
_cARTS
041 _aeng
082 _aO111,3NKAT,1, M2
100 _aKatz William
245 0 _aCooperhead
260 _aLondon
_bArrow Books UK
300 _a268p.
_ccm.
650 _aENGLISH LITERATURE
942 _hO111,3NKAT,1, M2
_cTB
_2CC
999 _c105881
_d105881